| 000 | 00718nam a2200181Ia 4500 | ||
|---|---|---|---|
| 003 | GCL | ||
| 008 | 140319s9999 xx 000 0 ara d | ||
| 040 |
_aGCL / _cGCL |
||
| 082 | 0 | 4 |
_a541.39 _bع ك |
| 100 | 1 | _aعبداللطيف ابوالسعود | |
| 245 | 1 | 0 |
_aالكمبيوتر فى خدمة الكيميائى : الكتاب الاول: حركية التفاعلات الكيميائية / _cعبداللطيف ابوالسعود |
| 260 |
_aبيروت : _bدار الراتب الجامعية |
||
| 300 |
_a112ص ؛ _c24سم |
||
| 650 | 0 | 4 | _aالحاسبات الالكترونية |
| 650 | 0 | 4 | _aالمعادلات الكيميائية |
| 650 | 0 | 4 | _aالتفاعلات الكيميائية |
| 942 |
_2ddc _cBK |
||
| 999 |
_c52426 _d52426 |
||